Normal view MARC view
  • Acevedo Conde, María Luisa

Entry Nombre Personal

Number of records used in: 1

001 - NUMERO DE CONTROL

  • campo de control: 43518

003 - IDENTIFICADOR DE NUMERO DE CONTROL

  • campo de control: UPN

005 - FECHA Y HORA DE LA ÜLTIMA TRANSACCIÓN

  • campo de control: 20211126120546.0

008 - DATOS DE LONGITUD FIJA

  • campo de control de longitud fija: 211126|| aca||aabn | a|a d

040 ## - FUENTE DE CATALOGACIÓN

  • Agencia original de catalogación: MX-MxUPN
  • Lenguaje de catalogación: spa
  • Agencia de transcripción: MX-MxUPN

100 1# - ENCABEZAMIENTO - NOMBRE PERSONAL

  • Nombre personal: Acevedo Conde, María Luisa

400 1# - VEÁSE - NOMBRE DE PERSONA

  • Personal name: Acevedo, María Luisa

670 ## - FUENTE EN LA QUE SE LOCALIZARON DATOS

  • Cita de la fuente: La dinámica sociolingüística en Oaxaca: los procesos de mantenimiento o desplazamiento de las lenguas indígenas del estado, 2013:
  • Información localizada: portada (María Luisa Acevedo)

670 ## - FUENTE EN LA QUE SE LOCALIZARON DATOS

  • Cita de la fuente: DLC, vía WWW, 26 de noviembre del 2021:
  • Información localizada: (Acevedo Conde, María Luisa)

902 ## - CATALOGADOR

  • Catalogador: VRC/261121